000 00221 a2200097 4500
020 _a9786071121257
041 _aspa
100 _aRosado, yordi
245 _aRenuncio Tengo un hijo Adolescente y no se que hacer
942 _cBK
999 _c9058
_d9058